О силах в линейном электродвигателе глубинного бесштангового плунжерного насоса; Геологическое и горное образование. Геология нефти и газа

Manylion Llyfryddiaeth
Parent link:Геологическое и горное образование. Геология нефти и газа.— 2001.— С. 249-252.
Prif Awdur: Скорых Н. В.
Iaith:Rwseg
Cyhoeddwyd: 2001
Pynciau:
Fformat: Pennod Llyfr
KOHA link:https://koha.lib.tpu.ru/cgi-bin/koha/opac-detail.pl?biblionumber=80887

MARC

LEADER 00000naa2a2200000 4500
001 80887
005 20231031094857.0
035 |a (RuTPU)RU\TPU\book\86952 
090 |a 80887 
100 |a 20050913d2001 k y0rusy50 ca 
101 0 |a rus 
102 |a RU 
200 1 |a О силах в линейном электродвигателе глубинного бесштангового плунжерного насоса  |f Н. В. Скорых 
320 |a Библиогр.: 6 назв. 
463 0 |0 (RuTPU)RU\TPU\book\63413  |t Геологическое и горное образование. Геология нефти и газа  |o Материалы международной научно-технической конференции "Горно-геологическое образование в Сибири. 100 лет на службе науки и производства"  |f Администрация Томской области; Томский политехнический университет; Институт геологии и нефтегазового дела; Под ред. Б. Д. Васильева  |v С. 249-252.  |d 2001  |p 292 с. 
610 1 |a электродвигатели 
610 1 |a глубинные насосы 
610 1 |a бесштанговые насосы 
610 1 |a плунжерные насосы 
610 1 |a труды учёных ТПУ 
700 1 |a Скорых  |b Н. В. 
801 1 |a RU  |b 63413507  |c 20050913  |g PSBO 
801 2 |a RU  |b 63413507  |c 20080624  |g PSBO 
942 |c BK